01473nam a2200385Ia 4500001001200000003000800012006001900020007001500039008004100054010001700095020001500112040002100127035002100148050002900169082001500198245009800213250001200311260007200323300002400395490001700419500002000436500002000456504005100476533015200527630002000679630003800699650002500737655002900762700002000791710009600811710001700907830001800924856012600942999001901068ebr10112941CaPaEBRm u cr cn|||||||||050517s2004 xxua sb 001 0 eng d z 2005275354 z0738491497 aCaPaEBRcCaPaEBR a(OCoLC)13734225714aQA76.9.D3bD15664 2004eb04a005.7422200aDB2 UDB V8.2 on the Windows environmenth[electronic resource] /c[Whei-Jen Chen ... et al.]. a1st ed. a[S.l.] :bIBM, International Technical Support Organization,c2004. axii, 344 p. :bill.1 aIBM redbooks a"October 2004." a"SG24-7102-00." aIncludes bibliographical references and index. aElectronic reproduction.bPalo Alto, Calif. :cebrary,d2009.nAvailable via World Wide Web.nAccess may be limited to ebrary affiliated libraries.00aIBM Database 2.00aMicrosoft Windows (Computer file) 0aDatabase management. 7aElectronic books.2local1 aChen, Whei-Jen.2 aInternational Business Machines Corporation.bInternational Technical Support Organization.2 aebrary, Inc. 0aIBM redbooks.40uhttp://site.ebrary.com/lib/rucke/Doc?id=10112941zAn electronic book accessible through the World Wide Web; click to view c107176d107176